000 01545nam a22001577a 4500
041 _aukr
080 _a09
090 _bДРУ
100 _aДрук О. С.
245 _aЗміна значення слів у процесі запозичення з французької мови в англійську.
260 _aОстрог
_bКАФ
_c2004
300 _a65
520 _aРозділ І. Слово та його значення. 1.1.Семасіологія наука про значення слова. 1.2.Лексичне значення слова. 1.3.Зміна семантики лексичних одиниць. 1.3.1.Причини зміни семантичної структури слів. 1.3.2.Класифікація змін лексичного значення слова. Розділ ІІ. Зміна значень слів у процесі запозичення з французької мови в англійську. 2.1.Процес запозичення французьких слів в англійську мову. 2.2.Семантичний розвиток запозичених лексем в англійській мові. 2.3.Процес зміни семантики французьких запозичень та власне англійських слів на прикладі роману О.Уайльда "Портрет Доріана Грея".
_0семасіологія,запозичення,семантика
650 _aResearch Papers
999 _c282535
_d282535
942 _cBK